MARC

Tag First Indicator Second Indicator Subfields
LEADER 00000cam a2200000 a 4500
001 in00002575989
005 20151201153317.0
008 081105s2010 nyua d 000 1 eng
010 |a  2008047386 
020 |a 9780316041003 
020 |a 0316041009 
020 |a 9780316068475 
020 |a 0316068470 
035 |a (OCoLC)ocn272304860 
040 |a DLC  |c DLC  |d TXA  |d UtOrBLW 
049 |a TXAM 
050 0 0 |a PZ7.E69623  |b Hap 2010 
082 0 0 |a [Fic]  |2 22 
100 1 |a Emond, Stephen. 
245 1 0 |a Happyface /  |c by Stephen Emond. 
246 3 |a Happy face 
250 |a 1st ed. 
264 1 |a New York :  |b Little, Brown and Company,  |c [2010] 
264 4 |c ©2010 
300 |a 307 pages :  |b illustrations ;  |c 22 cm. 
336 |a text  |b txt  |2 rdacontent 
337 |a unmediated  |b n  |2 rdamedia 
338 |a volume  |b nc  |2 rdacarrier 
520 |a After going through traumatic times, a troubled, socially awkward teenager moves to a new school where he tries to reinvent himself. 
650 0 |a Dysfunctional families  |v Juvenile fiction. 
650 0 |a Emotional problems of teenagers  |v Juvenile fiction. 
650 0 |a Interpersonal relations in adolescence  |v Juvenile fiction. 
650 0 |a Dating (Social customs)  |v Juvenile fiction. 
650 0 |a High schools  |v Juvenile fiction. 
650 0 |a Schools  |v Juvenile fiction. 
650 0 |a Divorce  |v Juvenile fiction. 
650 0 |a Diaries  |v Juvenile fiction. 
650 1 |a Family problems  |v Fiction. 
650 1 |a Emotional problems  |v Fiction. 
650 1 |a Interpersonal relations  |v Fiction. 
650 1 |a Dating (Social customs)  |v Fiction. 
650 1 |a High schools  |v Fiction. 
650 1 |a Schools  |v Fiction. 
650 1 |a Divorce  |v Fiction. 
650 1 |a Diaries  |v Fiction. 
945 |a PromptCat 
948 |a cataloged  |b h  |c 2010/7/30  |d c  |e dmitchel  |f 8:50:40 am 
994 |a C0  |b TXA 
999 |a MARS 
999 f f |s 2c1a7b9b-0aa1-3f94-97a3-7da9e1155ea1  |i 4fc81708-9f5c-3bd0-9ed1-0a87fbd87fa3  |t 0 
952 f f |p normal  |a Texas A&M University  |b College Station  |c Sterling C. Evans Library  |d Evans: Curriculum Collection (4th floor)  |t 0  |e PZ7.E69623 Hap 2010  |h Library of Congress classification  |i unmediated -- volume  |m A14840210082 
998 f f |a PZ7.E69623 Hap 2010  |t 0  |l Evans: Curriculum Collection (4th floor)